Statistics for Friends Complete List of Episodes

Click here to take the quiz!

General Stats

  • This quiz has been taken 657 times
    (656 since last reset)
  • The average score is 130 of 227

Answer Stats

Hint Hint Answer % Correct
Season 11{The Pilot}
96%
Season 1017{The Last} One
81%
Season 13The One with {the Thumb}
79%
Season 523The One in {Vegas}
78%
Season 61The One After {Vegas}
78%
Season 123The One with {the Birth}
76%
Season 325The One at {the Beach}
75%
Season 124The One Where {Rachel Finds Out}
72%
Season 12The One with {the Sonogram at the End}
71%
Season 17The One with {the Blackout}
71%
Season 211The One with {the Lesbian Wedding}
71%
Season 110The One with {the Monkey}
70%
Season 923The One in {Barbados}
70%
Season 215The One Where {Ross and Rachel...You Know}
70%
Season 18The One Where {Nana Dies Twice}
69%
Season 19The One Where {Underdog Gets Away}
68%
Season 212The One After {the Superbowl}
68%
Season 224The One with {Barry and Mindy's Wedding}
67%
Season 21The One with {Ross's New Girlfriend}
67%
Season 723The One with {Monica and Chandler's Wedding}
67%
Season 423The One with {Ross's Wedding}
67%
Season 219The One Where {Eddie Won't Go}
67%
Season 24The One with {Phoebe's Husband}
66%
Season 42The One with {the Cat}
66%
Season 624The One with {the Proposal}
66%
Season 217The One Where {Eddie Moves In}
66%
Season 23The One Where {Heckles Dies}
66%
Season 39The One with {the Football}
66%
Season 15The One with {the East German Laundry Detergent}
66%
Season 16The One with {the Butt}
66%
Season 113The One with {the Boobies}
66%
Season 116The One with {Two Parts: Part 1}
66%
Season 117The One with {Two Parts: Part 2}
66%
Season 214The One with {the Prom Video}
65%
Season 412The One with {the Embryos}
65%
Season 216The One Where {Joey Moves Out}
65%
Season 29The One with {Phoebe's Dad}
65%
Season 118The One with {All the Poker}
64%
Season 41The One with {the Jellyfish}
64%
Season 47The One Where {Chandler Crosses the Line}
64%
Season 51The One After {Ross Says Rachel}
64%
Season 53The One {Hundredth} / The One with {the Triplets}
64%
Season 222The One with {the Two Parties}
64%
Season 27The One Where {Ross Finds Out}
64%
Season 32The One Where {No One's Ready}
64%
Season 121The One with {the Fake Monica}
64%
Season 521The One with {the Ball}
63%
Season 522The One with {Joey's Big Break}
63%
Season 48The One with {Chandler in a Box}
63%
Season 317The One Without {the Ski Trip}
63%
Season 58The One with {All the Thanksgivings}
63%
Season 25The One with {Five Steaks and an Eggplant}
63%
Season 22The One with {the Breast Milk}
63%
Season 122The One with {the Ick Factor}
63%
Season 14The One with {George Stephanopoulos}
62%
Season 35The One with {Frank Jr.}
62%
Season 310The One Where {Rachel Quits}
62%
Season 111The One with {Mrs. Bing}
62%
Season 54The One Where {Phoebe Hates PBS}
62%
Season 59The One with {Ross's Sandwich}
61%
Season 114The One with {the Candy Hearts}
61%
Season 115The One with {the Stoned Guy}
61%
Season 88The One with {the Stripper}
61%
Season 31The One with {the Princess Leia Fantasy}
61%
Season 33The One with {the Jam}
61%
Season 613The One with {Rachel's Sister}
61%
Season 419The One with {All the Haste}
61%
Season 417The One with {the Free Porn}
61%
Season 415The One with {All the Rugby}
61%
Season 28The One with {the List}
60%
Season 615The One That {Could Have Been}
60%
Season 1012The One with {Phoebe's Wedding}
60%
Season 26The One with {the Baby on the Bus}
60%
Season 218The One Where {Dr. Ramoray Dies}
60%
Season 316The One with {the Morning After}
60%
Season 315The One Where {Ross and Rachel Take a Break}
60%
Season 52The One with {All the Kissing}
60%
Season 311The One Where {Chandler Can't Remember Which Sister}
60%
Season 68The One with {Ross's Teeth}
59%
Season 420The One with {All the Wedding Dresses}
59%
Season 46The One with {the Dirty Girl}
59%
Season 614The One Where {Chandler Can't Cry}
59%
Season 71The One with {Monica's Thunder}
59%
Season 314The One with {Phoebe's Ex-Partner}
59%
Season 44The One with {the Ballroom Dancing}
59%
Season 102The One Where {Ross is Fine}
59%
Season 322The One with {the Screamer}
59%
Season 81The One After {'I Do'}
59%
Season 320The One with {the Dollhouse}
58%
Season 56The One with {the Yeti}
58%
Season 623The One with {the Ring}
58%
Season 82The One with {the Red Sweater}
58%
Season 120The One with {the Evil Orthodontist}
58%
Season 112The One with {the Dozen Lasagnas}
58%
Season 312The One with {All the Jealousy}
58%
Season 514The One Where {Everybody Finds Out}
57%
Season 511The One with {All the Resolutions}
57%
Season 710The One with {the Holiday Armadillo}
57%
Season 98The One with {Rachel's Other Sister}
57%
Season 722The One with {Chandler's Dad}
57%
Season 103The One with {Ross's Tan}
57%
Season 823The One Where {Rachel Has a Baby}
57%
Season 94The One with {the Sharks}
57%
Season 418The One with {Rachel's New Dress}
57%
Season 36The One with {the Flashback}
57%
Season 313The One Where {Monica and Richard are Just Friends}
57%
Season 37The One with {the Race Car Bed}
57%
Season 34The One with {the Metaphorical Tunnel}
57%
Season 223The One with {the Chicken Pox}
57%
Season 221The One with {the Bullies}
57%
Season 414The One with {Joey's Dirty Day}
57%
Season 119The One Where {the Monkey Gets Away}
57%
Season 210The One with {Russ}
57%
Season 318The One with {the Hypnosis Tape}
56%
Season 91The One Where {No One Proposes}
56%
Season 324The One with {the Ultimate Fighting Champion}
56%
Season 55The One with {the Kips}
56%
Season 411The One with {Phoebe's Uterus}
56%
Season 617The One with {Unagi} / The One with {the Mix Tape}
56%
Season 220The One Where {Old Yeller Dies}
56%
Season 518The One Where {Rachel Smokes}
56%
Season 62The One Where {Ross Hugs Rachel}
56%
Season 84The One with {the Videotape}
56%
Season 49The One Where {They're Going to Party!}
56%
Season 92The One Where {Emma Cries}
56%
Season 38The One with {the Giant Poking Device}
56%
Season 422The One with {the Worst Best Man Ever}
56%
Season 323The One with {Ross's Thing}
56%
Season 713The One Where {Rosita Dies}
55%
Season 618The One Where {Ross Dates a Student}
55%
Season 65The One with {Joey's Porsche}
55%
Season 45The One with {Joey's New Girlfriend}
55%
Season 410The One with {the Girl from Poughkeepsie}
55%
Season 67The One Where {Phoebe Runs}
55%
Season 1015The One Where {Estelle Dies}
55%
Season 321The One with {a Chick and a Duck}
55%
Season 815The One with {the Birthing Video}
55%
Season 421The One with {the Invitation}
55%
Season 87The One with {the Stain}
55%
Season 513The One with {Joey's Bag}
55%
Season 319The One with {the Tiny T-Shirt}
55%
Season 1016The One with {Rachel's Going Away Party}
54%
Season 620The One with {Mac and C.H.E.E.S.E.}
54%
Season 413The One with {Rachel's Crush}
54%
Season 64The One Where {Joey Loses His Insurance}
54%
Season 72The One with {Rachel's Book}
53%
Season 610The One with {the Routine} / The One with {the Rockin' New Year}
53%
Season 93The One with {the Pediatrician}
53%
Season 83The One Where {Rachel Tells...}
53%
Season 416The One with {the Fake Party}
53%
Season 716The One with {the Truth About London}
53%
Season 1011The One Where {the Stripper Cries}
53%
Season 711The One with {All the Cheesecakes}
53%
Season 810The One with {Monica's Boots}
53%
Season 512The One with {Chandler's Work Laugh}
53%
Season 57The One Where {Ross Moves In}
53%
Season 74The One with {Rachel's Assistant}
53%
Season 69The One Where {Ross Got High}
53%
Season 516The One with {the Cop}
52%
Season 517The One with {Rachel's Inadvertent Kiss}
52%
Season 86The One with {the Halloween Party}
52%
Season 515The One with {the Girl Who Hits Joey}
52%
Season 822The One Where {Rachel is Late}
52%
Season 63The One with {Ross's Denial}
52%
Season 612The One with {the Joke}
52%
Season 721The One with {the Vows}
52%
Season 73The One with {Phoebe's Cookies}
52%
Season 43The One with {the Cuffs}
52%
Season 717The One with {the Cheap Wedding Dress}
52%
Season 913The One Where {Monica Sings}
52%
Season 918The One with {the Lottery}
52%
Season 79The One with {All the Candy}
52%
Season 622The One Where {Paul's the Man}
52%
Season 818The One in {Massapequa} / The One with {the Zesty Guy}
52%
Season 109The One with {the Birth Mother}
51%
Season 101The One After {Joey and Rachel Kiss}
51%
Season 104The One with {the Cake}
51%
Season 520The One with {the Ride-Along}
51%
Season 519The One Where {Ross Can't Flirt}
51%
Season 66The One on {the Last Night}
51%
Season 611The One with {the Apothecary Table}
51%
Season 619The One with {Joey's Fridge}
51%
Season 812The One Where {Joey Dates Rachel}
51%
Season 78The One Where {Chandler Doesn't Like Dogs}
51%
Season 715The One with {Joey's New Brain}
50%
Season 1010The One Where {Chandler Gets Caught}
50%
Season 85The One with {Rachel's Date}
50%
Season 510The One with {the Inappropriate Sister}
49%
Season 77The One with {Ross's Library Book}
49%
Season 712The One Where {They're Up All Night}
49%
Season 714The One Where {They All Turn Thirty}
49%
Season 814The One with {the Secret Closet}
49%
Season 96The One with {the Male Nanny}
49%
Season 719The One with {Ross and Monica's Cousin}
48%
Season 1013The One Where {Joey Speaks French}
48%
Season 819The One with {Joey's Interview}
48%
Season 108The One with {the Late Thanksgiving}
48%
Season 106The One with {Ross's Grant}
48%
Season 105The One Where {Rachel's Sister Babysits}
48%
Season 76The One with {the Nap Partners}
48%
Season 89The One with {the Rumor}
48%
Season 720The One with {Rachel's Big Kiss}
48%
Season 816The One Where {Joey Tells Rachel}
48%
Season 718The One with {Joey's Award}
48%
Season 910The One with {Christmas in Tulsa}
48%
Season 95The One with {Phoebe's Birthday Dinner}
47%
Season 813The One Where {Chandler Takes a Bath}
47%
Season 99The One with {Rachel's Phone Number}
47%
Season 820The One with {the Baby Shower}
47%
Season 821The One with {the Cooking Class}
47%
Season 621The One Where {Ross Meets Elizabeth's Dad}
47%
Season 911The One Where {Rachel Goes Back to Work}
47%
Season 912The One with {Phoebe's Rats}
46%
Season 75The One with {the Engagement Picture}
46%
Season 917The One with {the Memorial Service}
45%
Season 914The One with {the Blind Dates}
45%
Season 920The One with {the Soap Opera Party}
45%
Season 919The One with {Rachel's Dream}
45%
Season 915The One with {the Mugging}
45%
Season 817The One with {the Tea Leaves}
45%
Season 916The One with {the Boob Job}
45%
Season 811The One with {Ross's Step Forward} / The One with {the Creepy Holiday Card}
44%
Season 922The One with {the Donor}
44%
Season 1014The One with {Princess Consuela}
44%
Season 107The One with {the Home Study}
43%
Season 97The One with {Ross's Inappropriate Song}
43%
Season 921The One with {the Fertility Test}
43%

Score Distribution

Percentile by Number Answered

Percent of People with Each Score

Your Score History

You have not taken this quiz since the last reset